A cultural history of fashion in the twentieth century : from the catwalk to the sidewalk
Αποθηκεύτηκε σε:
| Κύριος συγγραφέας: | |
|---|---|
| Μορφή: | Βιβλίο |
| Γλώσσα: | English |
| Δημοσίευση: |
New York :
Berg,
2007
|
| Θέματα: | |
| Ετικέτες: |
Προσθήκη ετικέτας
Δεν υπάρχουν, Καταχωρήστε ετικέτα πρώτοι!
|
MARC
| LEADER | 00000nam a2200000 i 4500 | ||
|---|---|---|---|
| 001 | 1/43194 | ||
| 008 | 140226s2007 eng d | ||
| 020 | |a 978-1-844520-342-9 (pbk.) | ||
| 035 | |l 10116884 | ||
| 040 | |a GR-MY-UA |b gre |e aacr | ||
| 041 | 0 | |a eng | |
| 082 | 0 | |a 391 |2 (22) | |
| 100 | 1 | |a English, Bonnie. | |
| 245 | 1 | 2 | |a A cultural history of fashion in the twentieth century : |b from the catwalk to the sidewalk / |c Bonnie English |
| 260 | |a New York : |b Berg, |c 2007 | ||
| 300 | |a xiii, 178 σ.; |c 24 εκ. | ||
| 504 | |a Περιλαμβάνει βιβλιογραφικές αναφορές (σ. [163]-169) και ευρετήριο | ||
| 505 | 0 | |a Interplay of commerce and culture before the first World War -- Democratization of fashion: machine age aesthetics -- Framing fashion: the artists who made clothes -- Fashioning the American body -- Postmodernism and fashion -- Anti-fashion -- Japanese conceptual fashion -- Globalization and e-fashion. | |
| 650 | 0 | 0 | |a Fashion |x History |y 20th century. |
| 650 | 0 | 0 | |a Fashion design |x History. |
| 650 | 0 | 0 | |a Fashion designers |x History |y 20th century. |
| 852 | |a INST |b LESVOS |e 20140226 |h 391 ENG |p 005100053459 |q 005100053459 |t BK |y 0 | ||
| 901 | |a BIBL1-2014-1 | ||
| 909 | |a Λ |b 177854 | ||
| 922 | |a 1ΕΛΗ |b 201210 |c ΤΜΗΜΑ ΚΟΙΝΩΝΙΚΗΣ ΑΝΘΡΩΠΟΛΟΓΙΑΣ ΚΑΙ ΙΣΤΟΡΙΑΣ |d ΙΩΑΝΝΙΔΟΥ | ||
| 970 | |a ΤΖΑΦΕΡΗ |b ΕΥΑΓΓΕΛΙΑ |z 2014/02/27 | ||